| 000 | 02331cam a22005414i 4500 | ||
|---|---|---|---|
| 003 | PE-LiUPU | ||
| 005 | 20250731172957.0 | ||
| 008 | 150623s r 000 0 d | ||
| 020 | _a0195098404 | ||
| 035 | _a(Sirsi) i9780195098402 | ||
| 040 |
_aPE-LiUPU _bspa _cPE-LiUPU _erda |
||
| 049 | _aPRUA | ||
| 082 | 0 | 4 |
_a221.8355 _bN54 _221 |
| 100 | 1 |
_aNiditch, Susan, _eautor. |
|
| 245 | 1 | 0 |
_aWar in the Hebrew Bible : _ba study in the ethics of violence / _cSusan Niditch. |
| 264 | 1 |
_aNew York, N.Y. : _bOxford University Press, _c1995. |
|
| 300 |
_a180 páginas ; _c21 centímetros |
||
| 336 |
_atext _2rdacontent |
||
| 337 |
_aunmediated _2rdamedia |
||
| 338 |
_avolume _2rdacarrier |
||
| 504 | _aIncluye bibliografía. | ||
| 505 | 0 | _aThe ban as God's portion. -The ban as God's justice. -The priestly ideology of war in numbers. -The bardic tradition of war. -the ideology of expediency and biblical critique. -Toward an ideology of nonparticipation. | |
| 526 | _aSEG42 | ||
| 526 | _aSEG41 | ||
| 526 | _aSEG40 | ||
| 526 | _aSEG39 | ||
| 526 | _aP94 | ||
| 526 | _aP87 | ||
| 526 | _aP86 | ||
| 526 | _aP85 | ||
| 526 | _aP77 | ||
| 526 | _aP76 | ||
| 526 | _aP35 | ||
| 630 |
_aBiblia. _pA.T. _xCrítica, interpretación, etc. |
||
| 650 | 0 | 4 |
_aGuerra _xEnseñanza Bíblica. |
| 942 |
_2ddc _cBOOK |
||
| 949 |
_a221.8355 N54 _wDEWEY _c1 _i50775 _lCCODEBUL1 _mBUL _r0 _sY _tBOOK _u2015-6-24 _xTEOLOGIA _PP35 _0COMPRA _o.STAFF. Colección General |
||
| 949 |
_a221.8355 N54 _wDEWEY _c2 _i45360 _lCCODEBUL1 _mBUL _r0 _sY _tBOOK _u2015-6-24 _xTEOLOGIA _PP35 _0COMPRA _o.STAFF. Colección General |
||
| 949 |
_a221.8355 N54 _wDEWEY _c3 _i47172 _lCCODEBUL1 _mBUL _r0 _sY _tBOOK _u2015-6-24 _xTEOLOGIA _PP35 _0COMPRA _o.STAFF. Colección General |
||
| 994 |
_aC0 _bPEPRU |
||
| 596 | _a1 | ||
| 999 |
_a221.8355 N54 _wDEWEY _c22223 _i50775 _f2021-11-9 _g5 _lCCODEBUL1 _mBUL _r0 _sY _tBOOK _u2015-6-24 _xTEOLOGIA _PP35 _0COMPRA _o.STAFF. Colección General _d22223 |
||
| 999 |
_a221.8355 N54 _wDEWEY _c2 _i45360 _f2021-11-9 _g5 _lCCODEBUL1 _mBUL _r0 _sY _tBOOK _u2015-6-24 _xTEOLOGIA _PP35 _0COMPRA _o.STAFF. Colección General |
||
| 999 |
_a221.8355 N54 _wDEWEY _c3 _i47172 _f2021-11-9 _g5 _lCCODEBUL1 _mBUL _r0 _sY _tBOOK _u2015-6-24 _xTEOLOGIA _PP35 _0COMPRA _o.STAFF. Colección General |
||
| 980 |
_81 _gALBERTO SANCHEZ Responsable de Automatización |
||